00583cam a22002171 4500001001300000003000400013005001700017008004100034010001700075025002200092035002000114040002300134042001200157050001400169100002100183245005100204260005800255300001500313650002000328999001700348sa 66001783 DLC20260227112224.0960912s19uu pk 000 0 pusr  asa 66001783  aPL480:P-Pushto-24 a(OCoLC)35527817 aDLCcCLUdCLUdDLC apremarc00aBP55b.S30 aṢāḥib Gul.00aTārīkh-i Islam.cMawlwī Ṣāḥib Gul. aPishāwar,bIdārah-yi Ishāʻat-i Sarḥad,c19-- av.c22 cm. 0aIslamxHistory. c67985d67985